000 nam a22 7a 4500
999 _c10177
_d10177
008 180212b ||||| |||| 00| 0 eng d
100 _aChugh, R K
_96179
245 _aInformation Technology - X
260 _aNew Dellhi
_bG, Ram Publication
_c2013